Представление документа в формате MARC21

Поле Инд. ПП Название Значение
Тип записи a
Библиографический уровень b
001 Контрольный номер RU/IS/BASE/114871952
005 Дата корректировки 20200526074551.2
084 a Индекс другой классификации/Индекс ББК 88.623; 88.5; 88.9
100 1_ a Автор Натаров В. И.
q Полное имя Натаров Владимир Иванович
245 a Заглавие Активные методы обучения
504 a Библиография Библиогр.: с. 13 - 14
520 a Аннотация Рассмотрены проблемы подготовки специалистов по социальной и коррекционно-реабилитационной работе
650 a Основная рубрика педагогическая психология
a Основная рубрика педагогическая психология взрослых
a Основная рубрика практическая психология (прикладная психология)
a Основная рубрика психология
a Основная рубрика социальная психология
653 a Ключевые слова активное обучение
a Ключевые слова деловые игры
a Ключевые слова методы обучения
a Ключевые слова обучение взрослых
a Ключевые слова подготовка психологов
a Ключевые слова подготовка специалистов
a Ключевые слова познавательная активность
a Ключевые слова проблемные методы
a Ключевые слова профессиональное общение
a Ключевые слова процесс обучения
a Ключевые слова психология обучения
a Ключевые слова психосоциальная коррекция
a Ключевые слова социальные психологи
773 t Заглавие источника Вестник психосоциальной и коррекционно-реабилитационной работы
d Дата издания источника 1999
g Прочая информация № 3. - С. 3 - 14
w Контрольный № источника RU/IS/BASE/119011552
901 t Тип документа b